[Event "Bayerische EM 2019 Frauen EM"]
[Site "Rosenheim"]
[Date "2019.08.28"]
[Round "6.3"]
[White "Roos, Karin"]
[Black "Wilfert, Eva-Maria"]
[Result "1-0"]
[WhiteElo "1767"]
[BlackElo "1643"]
[PlyCount "67"]
[EventDate "2019.??.??"]
[WhiteTeam "FC Bayern Muenchen"]
[BlackTeam "PTSV SK Hof"]

1. e4 d5 2. exd5 Qxd5 3. Nc3 Qa5 4. d4 c6 5. Bd2 Qc7 6. Bc4 Nf6 7. Nge2 e6 8.
Bf4 Bd6 9. Qd2 Nbd7 10. O-O O-O 11. Rfe1 Nd5 12. Bxd6 Qxd6 13. Ne4 Qc7 14. Bd3
N7f6 15. Nxf6+ Nxf6 16. Rac1 Re8 17. Ng3 Bd7 18. c4 Rad8 19. Ne4 Ng4 20. g3 Bc8
21. h3 Nh6 22. Nf6+ Kh8 23. Nxe8 Rxe8 24. Kg2 Qd7 25. Qe3 e5 26. g4 f5 27. f3
f4 28. Qe4 g6 29. dxe5 Nf7 30. Qxf4 Qxd3 31. Qxf7 Qd2+ 32. Kg3 Rd8 33. Rcd1 Qa5
34. Qf6+ 1-0

Event "Bayerische EM 2019 Frauen EM"]
[Site "Rosenheim"]
[Date "2019.08.28"]
[Round "6.4"]
[White "Stegmaier, Erika"]
[Black "Ludwig, Ines"]
[Result "0-1"]
[WhiteElo "1485"]
[BlackElo "1599"]
[PlyCount "76"]
[EventDate "2019.??.??"]
[WhiteTeam "SK Neuperlach"]
[BlackTeam "SW Nuernberg Sued"]

1. c4 e6 2. Nc3 d5 3. cxd5 exd5 4. d4 c6 5. Nf3 Bd6 6. e3 Qe7 7. Bd3 f5 8. O-O
Nf6 9. Qc2 Ne4 10. a3 O-O 11. Qb3 Kh8 12. Ne2 Rf6 13. Nf4 Rh6 14. Bxe4 fxe4 15.
Ne5 Bxe5 16. dxe5 Qxe5 17. Bd2 Nd7 18. Bc3 Qf5 19. Qd1 Nf6 20. Qd4 Bd7 21. f3
b6 22. Rae1 Re8 23. Rf2 c5 24. Qd1 Bc6 25. Bxf6 Rxf6 26. b4 d4 27. exd4 Qxf4
28. Ref1 exf3 29. d5 Bb5 30. Re1 Rxe1+ 31. Qxe1 Qd4 32. g3 Be2 33. bxc5 Qxc5
34. Qd2 h6 35. a4 Qa3 36. Rxe2 fxe2 37. Qxe2 Qxa4 38. Qd2 Qa1+ 0-1

[Event "Bayerische EM 2019 Frauen EM"]
[Site "Rosenheim"]
[Date "2019.08.28"]
[Round "6.5"]
[White "Niedermaier, Barbara"]
[Black "Racky, Selina"]
[Result "1-0"]
[WhiteElo "1909"]
[BlackElo "1083"]
[PlyCount "47"]
[EventDate "2019.??.??"]
[WhiteTeam "SC Bamberg"]
[BlackTeam "SG Vogtareuth-Prutting"]

1. f4 d5 2. Nf3 Bf5 3. e3 e6 4. b3 Nf6 5. Bb2 Bd6 6. Nc3 Nbd7 7. Nb5 Be7 8.
Nbd4 Bg6 9. Bd3 Ne4 10. Bxe4 Bxe4 11. d3 Bg6 12. Qd2 Bf6 13. c4 O-O 14. O-O c5
15. Ne2 Bxb2 16. Qxb2 Bxd3 17. cxd5 exd5 18. Rad1 Be4 19. Ng5 Qe7 20. Ng3 Nf6
21. N5xe4 dxe4 22. Nf5 Qc7 23. g4 Qc8 24. Ne7+ 1-0

[Event "Bayerische EM 2019 Frauen EM"]
[Site "Rosenheim"]
[Date "2019.08.29"]
[Round "7.1"]
[White "Homfeldt, Maren"]
[Black "Niedermaier, Barbara"]
[Result "0-1"]
[WhiteElo "1184"]
[BlackElo "1909"]
[PlyCount "94"]
[EventDate "2019.??.??"]
[WhiteTeam "SC Noris-Tarrasch Nuernberg"]
[BlackTeam "SC Bamberg"]

1. e3 e5 2. g3 d5 3. d3 g6 4. b3 Bg7 5. Bb2 c6 6. Nf3 Bg4 7. h3 Bxf3 8. Qxf3 e4
9. Qxe4+ dxe4 10. Bxg7 f6 11. Bxh8 Kf7 12. dxe4 Ne7 13. Bc4+ Nd5 14. Bxd5+ cxd5
15. Bxf6 Qxf6 16. c3 dxe4 17. a4 Nc6 18. Ra2 Ne5 19. Kd1 Rd8+ 20. Rd2 Nd3 21.
Rf1 Qf3+ 22. Kc2 Rc8 23. Na3 Qf6 24. Nb5 a6 25. Nd4 Nb4+ 26. Kb2 Nd5 27. c4
Nxe3 28. Rc1 Nf5 29. Rcd1 Rd8 30. Kc3 Nxd4 31. Rxd4 a5 32. g4 Rxd4 33. Rxd4 g5
34. c5 Qxf2 35. Rd7+ Ke6 36. Rd6+ Ke7 37. Rd5 e3 38. Re5+ Kd7 39. Rd5+ Kc6 40.
Re5 e2 41. Re6+ Kxc5 42. Re5+ Kd6 43. Rf5 e1=Q+ 44. Kc4 Qb4+ 45. Kd3 Qxb3+ 46.
Ke4 Qe2+ 47. Kd4 Qed3# 0-1

[Event "Bayerische EM 2019 Frauen EM"]
[Site "Rosenheim"]
[Date "2019.08.29"]
[Round "7.2"]
[White "Racky, Selina"]
[Black "Stegmaier, Erika"]
[Result "0-1"]
[WhiteElo "1083"]
[BlackElo "1485"]
[PlyCount "76"]
[EventDate "2019.??.??"]
[WhiteTeam "SG Vogtareuth-Prutting"]
[BlackTeam "SK Neuperlach"]

1. d4 d5 2. Bf4 Nf6 3. e3 e6 4. Nf3 Nbd7 5. Bd3 Be7 6. Nbd2 O-O 7. h3 b6 8. O-O
Bb7 9. c3 c5 10. Qc2 c4 11. Be2 Rc8 12. Bh2 b5 13. Rac1 Ne4 14. Nxe4 dxe4 15.
Ne5 Nf6 16. f3 exf3 17. Bxf3 Bxf3 18. Rxf3 Bd6 19. Rd1 Qc7 20. Qf2 Ne4 21. Qc2
Ng5 22. Rf2 f6 23. Ng4 Bxh2+ 24. Nxh2 Qg3 25. Kh1 Qxe3 26. Rff1 Ne4 27. Ng4
Ng3+ 28. Kh2 Nxf1+ 29. Kh1 Qf4 30. Re1 f5 31. g3 Nxg3+ 32. Kg2 fxg4 33. hxg4
Qf3+ 34. Kh3 Rf6 35. g5 Nh5+ 36. Kh2 Rf4 37. Re2 Rh4+ 38. Kg1 Rh1# 0-1

[Event "Bayerische EM 2019 Frauen EM"]
[Site "Rosenheim"]
[Date "2019.08.29"]
[Round "7.3"]
[White "Ludwig, Ines"]
[Black "Roos, Karin"]
[Result "0-1"]
[WhiteElo "1599"]
[BlackElo "1767"]
[PlyCount "72"]
[EventDate "2019.??.??"]
[WhiteTeam "SW Nuernberg Sued"]
[BlackTeam "FC Bayern Muenchen"]

1. d4 Nf6 2. e3 g6 3. c3 Bg7 4. Bd3 O-O 5. Nd2 d5 6. f4 c5 7. Ngf3 c4 8. Bc2
Ng4 9. Qe2 Re8 10. h3 Nh6 11. O-O Bf5 12. e4 dxe4 13. Bxe4 Bxe4 14. Qxe4 Qc7
15. Ne5 Nf5 16. Qf3 Nd7 17. Ndxc4 b5 18. Nxd7 Qxd7 19. Ne5 Qd6 20. g4 Nh6 21.
Be3 Rac8 22. a3 f6 23. Nd3 e5 24. fxe5 fxe5 25. Bxh6 Rf8 26. Qe3 exd4 27. Rxf8+
Rxf8 28. Qe2 Bxh6 29. Qg2 dxc3 30. Nf2 cxb2 31. Rb1 Bc1 32. Qe4 Qg3+ 33. Qg2
Rf3 34. Qxg3 Rxg3+ 35. Kf1 Rxa3 36. Nd3 Rxd3 0-1

[Event "Bayerische EM 2019 Frauen EM"]
[Site "Rosenheim"]
[Date "2019.08.29"]
[Round "7.4"]
[White "Wilfert, Eva-Maria"]
[Black "Mehling, Katharina"]
[Result "0-1"]
[WhiteElo "1643"]
[BlackElo "1978"]
[PlyCount "42"]
[EventDate "2019.??.??"]
[WhiteTeam "PTSV SK Hof"]
[BlackTeam "Spvgg Stetten"]

1. d4 f5 2. e3 Nf6 3. Nf3 g6 4. Bc4 d5 5. Bb3 e6 6. Bd2 Nbd7 7. c4 b6 8. Ng5
Qe7 9. a3 h6 10. Nf3 Ba6 11. cxd5 exd5 12. Nc3 c6 13. Ne2 Ne4 14. Bb4 Qf6 15.
Bc3 Bd6 16. Rc1 Rc8 17. Nd2 O-O 18. f3 Qh4+ 19. g3 Nxg3 20. Rg1 Ne4+ 21. Kf1
Qf2# 0-1

[Event "Bayerische EM 2019 Frauen EM"]
[Site "Rosenheim"]
[Date "2019.08.29"]
[Round "7.5"]
[White "Lorenz, Oda"]
[Black "Milak, Adela"]
[Result "1-0"]
[WhiteElo "1821"]
[BlackElo "1613"]
[PlyCount "87"]
[EventDate "2019.??.??"]
[WhiteTeam "SG Augsburg"]
[BlackTeam "SC Haar"]

1. e4 e5 2. Nf3 Nc6 3. Bb5 a6 4. Ba4 Nf6 5. O-O b5 6. Bb3 Be7 7. Re1 O-O 8. c3
d6 9. h3 Bb7 10. d3 Nd7 11. Nbd2 Bf6 12. Nf1 a5 13. a3 b4 14. cxb4 axb4 15. Be3
Nb6 16. Bxb6 cxb6 17. Bd5 Qd7 18. Ng3 Ra5 19. Bxc6 Bxc6 20. axb4 Rxa1 21. Qxa1
Ra8 22. Qc1 Ra4 23. Qc3 g6 24. b3 Ra8 25. Rc1 Bb5 26. Nf1 Ba6 27. Ne3 Rc8 28.
Qd2 Rxc1+ 29. Qxc1 Bxd3 30. Nd5 Bd8 31. Qe3 Bc2 32. Nh2 f5 33. exf5 Qxf5 34.
Ng4 Qg5 35. Qc3 Bf5 36. Qc4 Kf8 37. Nde3 Bd7 38. Qd5 h5 39. Qxd6+ Be7 40. Qxd7
Bxb4 41. Qc8+ Kf7 42. Qc7+ Kf8 43. Nxe5 Qf6 44. Nd7+ 1-0

[Event "Bayerische EM 2019 Frauen EM"]
[Site "Rosenheim"]
[Date "2019.08.30"]
[Round "8.1"]
[White "Lorenz, Oda"]
[Black "Homfeldt, Maren"]
[Result "1-0"]
[WhiteElo "1821"]
[BlackElo "1184"]
[PlyCount "109"]
[EventDate "2019.??.??"]
[WhiteTeam "SG Augsburg"]
[BlackTeam "SC Noris-Tarrasch Nuernberg"]

1. e4 d6 2. d4 e6 3. Nf3 g6 4. Bd3 Bg7 5. c3 Ne7 6. Bg5 h6 7. Be3 b6 8. Nbd2
Nd7 9. Qe2 Bb7 10. Bb5 a6 11. Ba4 c6 12. Bf4 e5 13. dxe5 dxe5 14. Be3 Nc5 15.
Bc2 Nc8 16. Rd1 Qc7 17. O-O Nd6 18. b4 Nd7 19. Nc4 c5 20. Nxd6+ Ke7 21. Nxb7
Qxb7 22. Qc4 cxb4 23. Qxb4+ Ke8 24. Qd6 Bf8 25. Qxd7+ Qxd7 26. Rxd7 Kxd7 27.
Nxe5+ Ke6 28. Bd4 Bc5 29. Bb3+ Ke7 30. Nxf7 Bxd4 31. cxd4 Rh7 32. Ne5 Rg7 33.
Rc1 Kd8 34. f4 Rc8 35. Rxc8+ Kxc8 36. Kf2 Rc7 37. Nxg6 h5 38. e5 Rg7 39. f5 Kc7
40. Ke3 Rh7 41. g3 Kc6 42. Kf4 b5 43. f6 Kb6 44. e6 Rc7 45. e7 h4 46. Nxh4 a5
47. e8=Q b4 48. Qb8+ Rb7 49. Qxb7+ Kxb7 50. f7 Kb6 51. f8=Q Kb5 52. Qc5+ Ka6
53. Bc4+ Kb7 54. Bd5+ Ka6 55. Qc6+ 1-0

[Event "Bayerische EM 2019 Frauen EM"]
[Site "Rosenheim"]
[Date "2019.08.30"]
[Round "8.2"]
[White "Milak, Adela"]
[Black "Wilfert, Eva-Maria"]
[Result "1-0"]
[WhiteElo "1613"]
[BlackElo "1643"]
[PlyCount "73"]
[EventDate "2019.??.??"]
[WhiteTeam "SC Haar"]
[BlackTeam "PTSV SK Hof"]

1. e4 d5 2. exd5 Qxd5 3. Nc3 Qa5 4. Nf3 c6 5. g3 Nf6 6. Bg2 Bg4 7. O-O g6 8. h3
Bf5 9. Re1 Qd8 10. d4 Bg7 11. Qe2 Be6 12. Bf4 O-O 13. Rad1 Na6 14. Ng5 Nc7 15.
Nxe6 Nxe6 16. Be5 Qb6 17. d5 Nc5 18. dxc6 bxc6 19. Bd4 Rad8 20. Na4 Qb4 21.
Bxc5 Qxa4 22. a3 Rxd1 23. Qxd1 Re8 24. Rxe7 Rxe7 25. Bxe7 Qa5 26. Bxc6 Qb6 27.
Qd8+ Qxd8 28. Bxd8 Kf8 29. b4 Ne8 30. a4 Nd6 31. b5 Bc3 32. a5 Bd4 33. b6 axb6
34. Bxb6 Bc3 35. a6 Nc8 36. Bc5+ Kg7 37. Bb7 1-0

[Event "Bayerische EM 2019 Frauen EM"]
[Site "Rosenheim"]
[Date "2019.08.30"]
[Round "8.3"]
[White "Mehling, Katharina"]
[Black "Ludwig, Ines"]
[Result "1-0"]
[WhiteElo "1978"]
[BlackElo "1599"]
[PlyCount "59"]
[EventDate "2019.??.??"]
[WhiteTeam "Spvgg Stetten"]
[BlackTeam "SW Nuernberg Sued"]

1. e4 c5 2. Nf3 d6 3. d4 cxd4 4. Nxd4 a6 5. Nc3 e5 6. Nf5 Bxf5 7. exf5 Nf6 8.
Bc4 Nc6 9. Be3 Rc8 10. O-O Ne7 11. Bb3 Nxf5 12. Qf3 Nxe3 13. fxe3 Rc7 14. Rad1
Qe7 15. Rd2 e4 16. Qf4 Qe5 17. Nd5 Nxd5 18. Bxd5 Qxf4 19. Rxf4 f6 20. Rxe4+ Be7
21. a4 a5 22. b4 b6 23. Be6 Kf8 24. Rd5 g6 25. bxa5 bxa5 26. Rxa5 Rxc2 27. Ra7
f5 28. Rb4 Rc5 29. Rb8+ Bd8 30. Rxd8# 1-0

[Event "Bayerische EM 2019 Frauen EM"]
[Site "Rosenheim"]
[Date "2019.08.30"]
[Round "8.4"]
[White "Roos, Karin"]
[Black "Racky, Selina"]
[Result "1-0"]
[WhiteElo "1767"]
[BlackElo "1083"]
[PlyCount "95"]
[EventDate "2019.??.??"]
[WhiteTeam "FC Bayern Muenchen"]
[BlackTeam "SG Vogtareuth-Prutting"]

1. e4 e5 2. Nf3 Nc6 3. Bb5 a6 4. Bxc6 dxc6 5. O-O Bd6 6. d4 Bg4 7. c3 Bxf3 8.
Qxf3 Qf6 9. Nd2 exd4 10. Qxf6 Nxf6 11. cxd4 Bf4 12. Nc4 Bxc1 13. Raxc1 O-O 14.
f3 Rad8 15. Rfd1 Nh5 16. Na5 Rb8 17. g3 Nf6 18. Rc3 Nd7 19. d5 c5 20. Rb3 b6
21. Nc6 Rbe8 22. d6 Re6 23. dxc7 Rxc6 24. Rxd7 g6 25. Rbd3 Kg7 26. e5 Rc8 27.
R3d6 R8xc7 28. Rxc7 Rxc7 29. Rxb6 Rd7 30. Rxa6 Rd1+ 31. Kf2 Rd2+ 32. Ke3 Rxb2
33. h4 Rg2 34. Ra4 Rxg3 35. Kf2 Rh3 36. Kg2 Rxf3 37. Kxf3 Kf8 38. Ra7 Kg7 39.
Ke4 Kh6 40. Rxf7 c4 41. e6 c3 42. Kd3 c2 43. Kxc2 g5 44. hxg5+ Kg6 45. Rf8 Kg7
46. e7 Kg6 47. e8=Q+ Kg7 48. Rg8# 1-0

[Event "Bayerische EM 2019 Frauen EM"]
[Site "Rosenheim"]
[Date "2019.08.30"]
[Round "8.5"]
[White "Stegmaier, Erika"]
[Black "Niedermaier, Barbara"]
[Result "1/2-1/2"]
[WhiteElo "1485"]
[BlackElo "1909"]
[PlyCount "92"]
[EventDate "2019.??.??"]
[WhiteTeam "SK Neuperlach"]
[BlackTeam "SC Bamberg"]

1. c4 d5 2. cxd5 Qxd5 3. Nc3 Qd8 4. g3 c6 5. Bg2 g6 6. e3 Bg7 7. Nge2 Nf6 8. d4
Bd7 9. O-O Qc8 10. Nf4 h5 11. h4 Bg4 12. Qd3 Na6 13. a3 Nc7 14. Bd2 Ne6 15.
Nxe6 Qxe6 16. Rfe1 Bh3 17. d5 Qd7 18. e4 Bxg2 19. Kxg2 Rd8 20. Bg5 cxd5 21.
Bxf6 Bxf6 22. exd5 Bxc3 23. Qxc3 Qxd5+ 24. Kg1 Qd4 25. Qb3 O-O 26. Rxe7 Qf6 27.
Re2 Qa6 28. Rae1 Rd3 29. Qc2 Rf3 30. Re3 Qf6 31. Rxf3 Qxf3 32. Re3 Qg4 33. Rc3
Re8 34. Qc1 Rd8 35. Kh2 Qf5 36. Qe3 Rd1 37. Qe2 Qd5 38. Rf3 Rd2 39. Qe8+ Kg7
40. Qe3 a6 41. Qc3+ Kg8 42. Qc8+ Kh7 43. Qc3 Rxb2 44. Rxf7+ Qxf7 45. Qxb2 Qf3
46. Kg1 b5 1/2-1/2

[Event "Bayerische EM 2019 Frauen EM"]
[Site "Rosenheim"]
[Date "2019.08.31"]
[Round "9.1"]
[White "Homfeldt, Maren"]
[Black "Stegmaier, Erika"]
[Result "1-0"]
[WhiteElo "1184"]
[BlackElo "1485"]
[PlyCount "61"]
[EventDate "2019.??.??"]
[WhiteTeam "SC Noris-Tarrasch Nuernberg"]
[BlackTeam "SK Neuperlach"]

1. e3 Nf6 2. h3 e6 3. g3 d5 4. Nf3 Nbd7 5. Nc3 a6 6. b3 Bd6 7. Bb2 O-O 8. Ne2
b6 9. a3 Bb7 10. d4 Rc8 11. h4 c5 12. Bh3 c4 13. Ne5 c3 14. Bxc3 Ne4 15. Bb2
Rc7 16. Rc1 Qf6 17. Ng4 Qe7 18. Nf4 Ndf6 19. Ne5 Rfc8 20. Nh5 Nxh5 21. Qxh5
Bxe5 22. dxe5 Rxc2 23. O-O Rxb2 24. Rxc8+ Bxc8 25. Qd1 Qc5 26. Bg2 Nc3 27. Qd3
Ne2+ 28. Kh2 Rc2 29. b4 Qc7 30. e4 Nc1 31. Qf3 1-0

[Event "Bayerische EM 2019 Frauen EM"]
[Site "Rosenheim"]
[Date "2019.08.31"]
[Round "9.2"]
[White "Niedermaier, Barbara"]
[Black "Roos, Karin"]
[Result "1/2-1/2"]
[WhiteElo "1909"]
[BlackElo "1767"]
[PlyCount "143"]
[EventDate "2019.??.??"]
[WhiteTeam "SC Bamberg"]
[BlackTeam "FC Bayern Muenchen"]

1. e4 c5 2. Nf3 d6 3. d4 cxd4 4. c3 Nf6 5. Bd3 Nc6 6. cxd4 Qb6 7. h3 g6 8. e5
Nd7 9. exd6 Qb4+ 10. Nc3 Bg7 11. a3 Qxd6 12. Nb5 Qb8 13. d5 Nce5 14. Be4 a6 15.
Nc3 Nxf3+ 16. Bxf3 O-O 17. O-O Ne5 18. Be4 Nc4 19. Qb3 Qc7 20. Rd1 Rb8 21. Ne2
b5 22. Bf4 Be5 23. Bxe5 Qxe5 24. Nc3 Bf5 25. Bxf5 Qxf5 26. a4 Rfd8 27. axb5
axb5 28. Nxb5 Rxd5 29. Qxc4 Rdxb5 30. Rd2 Qf6 31. Qc3 Rxb2 32. Qxf6 exf6 33.
Rd6 Rb1+ 34. Rxb1 Rxb1+ 35. Kh2 Kg7 36. g4 Re1 37. Kg3 h6 38. Rd3 Rg1+ 39. Kf4
g5+ 40. Ke4 Re1+ 41. Kf3 Re5 42. Kg3 f5 43. f4 Rc5 44. Rf3 Kg6 45. Ra3 gxf4+
46. Kxf4 Rc4+ 47. Kf3 fxg4+ 48. hxg4 Rc5 49. Kf4 f6 50. Rb3 h5 51. gxh5+ Rxh5
52. Rb1 Rh4+ 53. Kf3 Kg5 54. Rg1+ Kf5 55. Ra1 Rh3+ 56. Kg2 Re3 57. Rf1+ Ke5 58.
Rf2 f5 59. Rf1 Ke4 60. Ra1 Re2+ 61. Kf1 Kf3 62. Ra8 f4 63. Ra3+ Re3 64. Ra2 Kg4
65. Rg2+ Rg3 66. Ra2 Rf3+ 67. Kg1 Rd3 68. Rg2+ Kf3 69. Rf2+ Ke3 70. Kg2 Ke4 71.
Ra2 f3+ 72. Kf2 1/2-1/2

[Event "Bayerische EM 2019 Frauen EM"]
[Site "Rosenheim"]
[Date "2019.08.31"]
[Round "9.3"]
[White "Racky, Selina"]
[Black "Mehling, Katharina"]
[Result "0-1"]
[WhiteElo "1083"]
[BlackElo "1978"]
[PlyCount "54"]
[EventDate "2019.??.??"]
[WhiteTeam "SG Vogtareuth-Prutting"]
[BlackTeam "Spvgg Stetten"]

1. d4 Nf6 2. Bf4 g6 3. e3 Bg7 4. Bd3 O-O 5. Nf3 d6 6. Nbd2 Nfd7 7. c3 Nc6 8.
O-O e5 9. Bg3 h6 10. d5 Ne7 11. e4 f5 12. h3 f4 13. Bh2 Nf6 14. g3 Bxh3 15. Re1
g5 16. Kh1 Ng4 17. Qe2 Qe8 18. Bc2 Qh5 19. Bd1 Rf6 20. Rc1 Raf8 21. c4 Nxh2 22.
Nxh2 g4 23. Kg1 f3 24. Qe3 Bg2 25. Bc2 Qh3 26. Bd3 Rg6 27. c5 Rg5 0-1

[Event "Bayerische EM 2019 Frauen EM"]
[Site "Rosenheim"]
[Date "2019.08.31"]
[Round "9.4"]
[White "Ludwig, Ines"]
[Black "Milak, Adela"]
[Result "0-1"]
[WhiteElo "1599"]
[BlackElo "1613"]
[PlyCount "84"]
[EventDate "2019.??.??"]
[WhiteTeam "SW Nuernberg Sued"]
[BlackTeam "SC Haar"]

1. d4 f5 2. e3 Nf6 3. Bd3 e6 4. c4 c6 5. f4 b6 6. Nf3 Be7 7. Nbd2 a5 8. a4 Bb4
9. O-O Bb7 10. Ne5 d6 11. Nef3 O-O 12. Ng5 Qe8 13. Qe2 Nbd7 14. Ndf3 h6 15. Nh3
c5 16. d5 exd5 17. Bxf5 Ne4 18. Bxd7 Qxd7 19. cxd5 Bxd5 20. Rd1 Bb3 21. Rf1 d5
22. Ne5 Qe8 23. Qb5 Qxb5 24. axb5 c4 25. Nc6 c3 26. Nf2 Bc4 27. Rd1 c2 28. Rd4
Bc5 29. Rxc4 dxc4 30. Nxe4 Rf7 31. Nxc5 bxc5 32. Ra3 Rd7 33. Kf2 Rd1 34. Ra1 g5
35. Ke2 gxf4 36. exf4 Re8+ 37. Ne5 Rg1 38. Kf2 Rd1 39. Nxc4 Ree1 40. Ne3 Rxc1
41. Rxa5 Rxe3 42. Kxe3 Re1+ 0-1

[Event "Bayerische EM 2019 Frauen EM"]
[Site "Rosenheim"]
[Date "2019.08.31"]
[Round "9.5"]
[White "Wilfert, Eva-Maria"]
[Black "Lorenz, Oda"]
[Result "1/2-1/2"]
[WhiteElo "1643"]
[BlackElo "1821"]
[PlyCount "79"]
[EventDate "2019.??.??"]
[WhiteTeam "PTSV SK Hof"]
[BlackTeam "SG Augsburg"]

1. d4 Nf6 2. c4 c5 3. d5 b5 4. e3 b4 5. Nf3 g6 6. Qc2 Bg7 7. e4 d6 8. Bg5 Nbd7
9. Bd3 Ng4 10. h3 Nge5 11. Be2 h6 12. Be3 Qa5 13. O-O Qc7 14. Nbd2 a5 15. Qa4
O-O 16. Rab1 Nb6 17. Qd1 Ba6 18. Nxe5 dxe5 19. b3 f5 20. exf5 gxf5 21. f4 e4
22. Qe1 Kh7 23. Bh5 Bd4 24. Kh1 Rg8 25. Bf7 Rg7 26. Be6 Bc8 27. Bxc8 Rxc8 28.
Qf2 Bxe3 29. Qxe3 Rcg8 30. Rg1 Rg3 31. Qe2 Qxf4 32. Rbf1 Qh4 33. Qf2 R8g5 34.
Kh2 Nd7 35. Qf4 Qxf4 36. Rxf4 Rd3 37. h4 Rh5 38. Nf3 Nf6 39. Ng5+ Rxg5 40. hxg5
1/2-1/2